000 00319nam a2200133Ia 4500
008 191201s1999 xx 000 0 und d
082 _a621.31042
_bDEE
100 _aDEKKER, A J
245 0 _aElectrical Engineering Materials
260 _aN.Delhi
_bPHI
_c1999
300 _a208
650 _aB.Tech(ECE)
942 _2ddc
_cBK
999 _c948
_d948